banner-ar

ANNOTATED GUIDE TO JOURNALS: DEALING WITH THE MIDDLE EAST AND NORTH AFRICA / (Record no. 14400)

MARC details
000 -الفاتح
حقل البيانات ثابتة الطول 00544nam a2200181Ia 4500
008 - عناصر البيانات ثابتة الطول - معلومات عامة
حقل البيانات ثابتة الطول 140319s9999 xx 000 0 eng d
040 ## - مصدر الفهرسة
وكالة الفهرسة الأصلية GCL /
وكالة النسخ GCL
082 04 - رقم تصنيف ديوى العشرى
رقم التصنيف 070.13
رقم المادة A L
100 1# - المدخل الرئيسى - إسم شخصى
الإسم الشخصى LYUNGGREN, FLORENCE
245 10 - بيان العنوان
العنوان ANNOTATED GUIDE TO JOURNALS: DEALING WITH THE MIDDLE EAST AND NORTH AFRICA /
بيان المسئوليه,etc LYUNGGREN, FLORENCE
700 1# - المدخل الاضافى - اسم شخصى
الإسم الشخصى HAMDY, MOHAMMED
260 ## - PUBLICATION, DISTRIBUTION, ETC. (IMPRINT)
تاريخ النشر أو التوزيع 1964
300 ## - الوصف المادى
التعداد 107 P
650 04 - المدخل الاضافى بالموضوع-مصطلح موضوعى
مصطلح موضوعي JOURNALISM - GUIDE
650 04 - المدخل الاضافى بالموضوع-مصطلح موضوعى
مصطلح موضوعي JOURNALS
942 ## - عناصر المدخل الإضافي( كوها)
مصدر التصنيف او مخطط الترفيف Dewey Decimal Classification
Koha [default] item type كتاب
260 ## - PUBLICATION, DISTRIBUTION, ETC. (IMPRINT)
-- [S.N] :
-- THE AMERICAN UNIVERSITY IN CAIRO PRESS ،
Holdings
حالة التراجع حالة الفقد حالة تلف ليس للاعارة المكان المؤقت الموقع الحالى تاريخ الاكتساب اجمالي اﻻعارات رقم الطلب الباركود تاريخ اخر مشاهدة تاريخ تفعيل السعر نوع وعاء كوها
        مكتبة القاهرة الكبرى مكتبة القاهرة الكبرى 03/26/2014   070.13\A L 27053 03/26/2014 03/26/2014 كتاب

Powered By

EGPV